000 01135 a2200217 4500
005 20080916112417.0
008 080916t xxu||||| |||| 00| 0 hin d
010 _aHIN-80890
020 _c125.00
_a8170634741
035 _aHN-53236
037 _bD.B.Act / pub
082 _a415
100 _aदीक्षित, भुवन
245 _aसम्प्रेषणात्मक संस्कृत व्याकरण तथा अभ्यास
_cभुवन दीक्षित
246 _aSampreshnatamak Sanskrit vyakaran tatha abhyas
_bby Bhuwan Dikshit
260 _aनई दिल्ली
_bआर्य बुक डिपो
_c2007
300 _a404पृ
_c24सेमी (अजिल्द)
270 _a30 नाईवाला, करोल बाग
_bनई दिल्ली
_e110005
_k011- 25721221, 25720363
_l011- 25746324
942 _adpl
_cHN
_k415 / दीक्षित
_2ddc
_h415
_mदीक्षित
999 _c7245
_d7245